000 01707nam a2200229Ia 4500
000 03145naaa 00697uu
001 https://directory.doabooks.org/handle/20.500.12854/67947
008 211013s9999 xx 000 0 und d
020 _a9781003053408
024 _a10.4324/9781003053408
042 _adc
245 0 _aArts-Based Methods for Decolonising Participatory Research
260 _bTaylor & Francis
_c2021
300 _a1 electronic resource (278 p.)
520 _aIn an effort to challenge the ways in which colonial power relations and Eurocentric knowledges are reproduced in participatory research, this book explores whether and how it is possible to use arts-based methods for creating more horizontal and democratic research practices. In discussing both the transformative potential and limitations of arts-based methods, the book asks: What can arts-based methods contribute to decolonising participatory research and its processes and practices? The book takes part in ongoing debates related to the need to decolonise research, and investigates practical contributions of arts-based methods in the practice-led research domain. Further, it discusses the role of artistic research in depth, locating it in a decolonising context. The book will be of interest to scholars working in art history, design, fine arts, service design, social sciences and development studies.
540 _aCreative Commons
653 _aacademia
700 1 _aSeppala, Tiina
856 _uhttps://docs.google.com/spreadsheets/d/1yKIrdCPDAG_9c22mwoOIO2DOhtj65Wqa/edit?usp=sharing&ouid=106555315294820607512&rtpof=true&sd=true
_yList of Curated E-Books
942 _cE-BOOK
999 _c44660
_d44660